00434nam a2200133Ia 450000500170000000800410001708200130005810000180007124500250008925000080011426000540012230000130017650001110018920250324051037.0240331s9999 xx 000 0 und d bRAGa894 aRagunathan, R 0aBarathiyum shelliyum a4th aChennaibNew Century book house private Ltdc1988 a292 p ., aIn nool namathu maha kavi bharathiyayum aangila naadu maha kavi chelliyaum patriya or oppitu arachiyakum.